01567nam a2200385 a 4500001001000000003000500010005001700015008004100032010001100073011001100084040000900095090001000104100003500114245015700149260004100306500006000347502008700407590004100494590004000535590004000575590004000615590004000655650002100695650002000716650002300736650003500759650003200794856007000826901000700896942001000903942000600913999001900919952012400938952011901062000109539CHAP20220329144054.0140508s2014 mx sm |||||||spa d a106001 a106973 cCHAP aTesis1 aReyes Medina, Marisela912679110aProducción de composta con aserrín utilizando el hongo (Trichoderma harzianum RIFAI), como agente degradadoresh[En línea]cMarisela Reyes Medina. aChapingo, Méx. :bEl autor,c2014. aPara ver el contenido del material haga clic en la liga aTesis (Ing. en Restauración Forestal) -- UACH. División de Ciencias Forestales aBATCH-UPDb05c20141002lUCH01h0903 aE5995AHEb05c20140508lUCH01h1153 aE5995AHEb05c20140508lUCH01h1154 aE5995AHEb05c20140508lUCH01h1254 aE5995AHEb05c20140508lUCH01h125914aAserrín.9789314aCompost.92610514aSustratos.911078914aTrichoderma harzianum.911492414aViveros forestales.9120100 aFinding aiduhttp://10.13.5.2/tesis/sist109539.pdfzTeclea aquí aBK cTESIS n0 c106001d106001 00102local40718TESISaBCbBCd2014-05-08fTESISl0oTesisp33724002404223r2019-12-31 00:00:00tc.2w2014-05-08yCD 00102local40718TESISaBCbBCd2014-05-08fTESISl0oTesisp33724002404264r2019-12-31 00:00:00w2014-05-08yCD